History Quiz

Random History or Blitz Quiz

World Leaders Quick 7-to-1 Quiz Stats

 Plays Quiz Updated Jun 26, 2017

Support Sporcle.
Go Orange.
Score 0/28 Timer 01:30
8 Plays Today
% Correct
Gerald Ford
96.5%
Andrew Johnson
96%
Winston Churchill
93.8%
Grover Cleveland
93.7%
Margaret Thatcher
93.3%
Charles de Gaulle
92.6%
Benjamin Harrison
91.4%
William McKinley
90.4%
James Buchanan
89%
Tony Blair
88.6%
Jacques Chirac
87%
Zachary Taylor
84.7%
Nicolas Sarkozy
75.8%
David Lloyd George
74.8%
% Correct
Georges Pompidou
74.7%
Narendra Modi
69.2%
Harold Wilson
62.7%
Tony Abbott
62.4%
Clement Attlee
61.6%
Kevin Rudd
51.7%
Yves Leterme
47.2%
Helen Clark
47%
Jacinda Ardern
46.7%
Julia Gillard
43.5%
Robert Muldoon
43.3%
Paul Keating
42%
Charles Michel
41.5%
Vincent Auriol
29.1%

You're not logged in!

Compare scores with friends on all Sporcle quizzes.
OR
Log In
Forgot?

From the Vault

YA Fiction Movies by Poster

by Hejman

These might be fiction, but the characters are just, like, SO REAL.
Remove Ads.
Support Sporcle.
Get the best of Sporcle when you Go Orange. This ad-free experience offers more features, more stats, and more fun while also helping to support Sporcle. Thank you for becoming a member.

Show Comments

Extras

Top Quizzes Today


Score Distribution

Your Account Isn't Verified!

In order to create a playlist on Sporcle, you need to verify the email address you used during registration. Go to your Sporcle Settings to finish the process.

Report this User

Report this user for behavior that violates our Community Guidelines.

Details: